Une visite au Béguinage Ste Elisabeth de Mont-St. Amand communément appelé le Grand Béguinage de Gand (Registro nro. 87853)

Detalles MARC
000 -ENCABEZADO
Número de control [NR] 00724nam a22001937a 4500
008 - DE LONGITUD FIJA DE DATOS DE ELEMENTOS - INFORMACIÓN GENERAL
Elementos de longitud fija [NR] 130821s1874 xx gr fre
040 ## - FUENTE DE CATALOGACION [NR]
Agencia de catalogación original [NR] Co-BoUCM
Idioma de catalogación [NR] spa
041 00 - CODIGO DE IDIOMA [R]
Código de idioma para texto/pista de sonido o título separado [R] Francés
245 00 - MENCION DE TITULO [NR]
Título [NR] Une visite au Béguinage Ste Elisabeth de Mont-St. Amand communément appelé le Grand Béguinage de Gand
Parte restante del título [NR] Coup d'oeil sur son historie et son organisation
260 ## - PUBLICACION, DISTRIBUCION, ETC. (PIE DE IMPRENTA) [R]
Lugar de publicación, distribución, etc. [R] Gandae
Nombre del editor, distribuidor, etc. [R] Imprimerie Vyncke
Fecha de publicación, distribución, etc. [R] 1874
300 ## - DESCRIPCION FISICA [R]
Extensión [R] 47 páginas
610 ## - ASIENTO SECUNDARIO DE MATERIA - NOMBRE CORPORATIVO [R]
Nombre corporativo o nombre de la jurisdicción como elemento de entrada [NR] Iglesia Católica
9 (RLIN) 3579
610 ## - ASIENTO SECUNDARIO DE MATERIA - NOMBRE CORPORATIVO [R]
Nombre corporativo o nombre de la jurisdicción como elemento de entrada [NR] Iglesia Católica
Subdivisión general [R] Historia
9 (RLIN) 36300
650 04 - ASIENTO SECUNDARIO DE MATERIA - TERMINO TEMATICO [R]
Término temático o nombre geográfico como elemento de entrada [NR] Historia
9 (RLIN) 7695
650 04 - ASIENTO SECUNDARIO DE MATERIA - TERMINO TEMATICO [R]
Término temático o nombre geográfico como elemento de entrada [NR] Ordenes religiosas
9 (RLIN) 20826
650 04 - ASIENTO SECUNDARIO DE MATERIA - TERMINO TEMATICO [R]
Término temático o nombre geográfico como elemento de entrada [NR] Ordenes religiosas
Subdivisión general [R] Historia
9 (RLIN) 20826
942 ## - ELEMENTOS DE ENTRADA AGREGADOS (KOHA)
Tipo de ítem principal el descrito en 300a Libro
Tema principal Religión
Edición 1
Parte restante de la signatura top. V47
Título oculto en OPAC No
Sistema de clasificación DEWEY
Clasificación 255.9
Existencias
Signatura topográfica Código de barras Última vez visto Ejemplar Price effective from Tipo de ítem Perdido Sistema de clasificación Dañado No prestable Tipo de ítem específico Suprimido Ubicación habitual Ubicación actual Localización Fecha de creación Forma de adquisición Costo
FCS 255.9 V47 120001168 09/07/2012 Ej.1 03/02/2013 Libro   DEWEY     Fondos especiales     Archivo Histórico Archivo histórico 28/02/2003 Donación 1000.00